000
00287nam a22001217a 4500
020
_a
9782246424116
040
_c
SCME
100
_a
Guitton,Jean
_9
82555
245
_a
Dieu et la science /
_b
Grichka bogdanov igor bogdanov
260
_a
paris
_c
1991
300
_a
195p.
942
_2
ddc
_c
BK
999
_c
586468
_d
586468